000 01430cam a22003734a 4500
001 13089956
003 OSt
005 20140310184448.0
008 030212s2003 ctua b b 001 0deng
010 _a 2003003722
020 _a9780516244655
040 _aDLC
_cDLC
_dDLC
042 _apcc
_alcac
043 _ar------
_at------
050 0 0 _aG 587
_b.N53 2003
100 1 _aNichols, Catherine.
_921496
245 1 0 _aPolar adventures :
_cCatherine Nichols.
_ba chapter book /
260 _anew york :
_bScholastics,
_c2003
300 _a48 p. :
_bcol. ill. ;
_c23 cm.
440 0 _aTrue tales
_921497
504 _aIncludes bibliographical references (p. 46).
520 _aBriefly discusses some of the explorers of the North and South Poles, including Robert Peary, Ernest Shackleton, Matthew Henson, and Donald Macmillan.
521 _aG4
526 _c620
562 _e1
650 0 _aExplorers
_zPolar regions
_xHistory
_vJuvenile literature.
_927851
650 1 _aExplorers
_zPolar regions.
_927852
651 0 _aPolar regions
_xDiscovery and exploration
_vJuvenile literature.
_927853
651 1 _aPolar regions
_xDiscovery and exploration.
_927854
906 _a7
_bcbc
_corignew
_d1
_eecip
_f20
_gy-gencatlg
942 _2lcc
_cBK-SCHOLAS
999 _c34542
_d34542